| 000 | nam a22 a 4500 | ||
|---|---|---|---|
| 999 |
_c842 _d842 |
||
| 003 | AKMAL | ||
| 005 | 20170505143959.0 | ||
| 008 | 170505s1988 my 00 may d | ||
| 020 | _a9676901881 | ||
| 040 | _aAKMAL | ||
| 082 | 0 | 4 | _a297.12 KHA |
| 090 |
_a297.12 _bKHA |
||
| 245 |
_aButir-butir mutiara hikmat / _cpenyusun, Usman Asy Shakir Al-Khaubawiyyi ; alih bahasa, Rosihin Abd. Gani |
||
| 260 |
_aBatu Caves : _bThinker's Library, _c1988 |
||
| 300 |
_aiii,675ms. ; _c21cm |
||
| 500 | _aDiterbitkan di Malaysia dengan izin khas Penerbit Wicaksana, Semarang, Indonesia | ||
| 500 | _aTerjemahan dari: Durratun Nashihin | ||
| 505 | 0 | _aMengandungi ayat-ayat dari Quran | |
| 650 |
_aIslam _9922 |
||
| 650 |
_aReligious life _xIslam _9819 |
||
| 700 | 1 |
_aAl-Khaubawiyyi, Usman Asy-Shakir _91823 |
|
| 700 | 1 |
_aAbd. Ghani, Rosihin _91824 |
|
| 942 |
_2ddc _cBOOK |
||